000 00927nam a22002537a 4500
999 _c20497
_d20497
005 20191016063413.0
008 191016b xxu||||| |||| 00| 0 spa d
020 _a9782831719498
040 _aCO-BoIAVH
_cCO-BoIAVH
041 _aspa
044 _ack
082 _a333.72014
_bP21i
100 _aParedes Leguizamón, Gisela
245 1 _aIntegrando las áreas protegidas al ordenamiento territorial:
_bCaso colombia
260 _aBogotá:
_bOficina Regional para America del Sur(UICN), Parques Nacionales de Colombia(PNNC),
_c2018.
300 _a142 Páginas:
_bfotografías, tablas y mapas,
_c29 x 21 cm.
500 _aIncluye anexos.
650 0 _aÁreas naturales protegidas
650 0 _aOrdenamiento ambiental territorial
650 0 _aAutoridades ambientales
650 0 _aServicios Ecosistémicos
856 _uwww.incn.org/resources/publications
942 _2ddc
_cLIBRO